Менеджмент: учебник для бакалавров
| Autor principal: | |
|---|---|
| Sumari: | Электронная копия печатного издания. Режим доступа: из корпоративной сети ТПУ |
| Idioma: | rus |
| Publicat: |
Москва, Юрайт, 2014
|
| Edició: | 3-е изд., перераб. и доп. |
| Col·lecció: | Бакалавр Электронные учебники издательства "Юрайт" |
| Matèries: | |
| Accés en línia: | http://www.lib.tpu.ru/fulltext2/m/2014/FN/fn-87.pdf |
| Format: | Electrònic Llibre |
| KOHA link: | https://koha.lib.tpu.ru/cgi-bin/koha/opac-detail.pl?biblionumber=262181 |
MARC
| LEADER | 00000nlm0a2200000 4500 | ||
|---|---|---|---|
| 001 | 262181 | ||
| 005 | 20231101233629.0 | ||
| 010 | |a 9785991634182 | ||
| 010 | |a 978-5-9692-1509-2 | ||
| 035 | |a (RuTPU)RU\TPU\book\285163 | ||
| 090 | |a 262181 | ||
| 100 | |a 20140530d2014 m y0rusy50 ca | ||
| 101 | 0 | |a rus | |
| 102 | |a RU | ||
| 105 | |a y j 000zy | ||
| 135 | |a vocna---uucaa | ||
| 181 | 0 | |a i | |
| 182 | 0 | |a b | |
| 200 | 1 | |a Менеджмент |b Электронный ресурс |e учебник для бакалавров |f Э. М. Коротков | |
| 203 | |a Текст |c электронный | ||
| 205 | |a 3-е изд., перераб. и доп. | ||
| 210 | |a Москва |c Юрайт |d 2014 | ||
| 215 | |a 1 Мультимедиа CD-ROM | ||
| 225 | 1 | |a Бакалавр | |
| 225 | 1 | |a Электронные учебники издательства "Юрайт" | |
| 230 | |a Мультимедиа ресурсы (10 директорий; 100 файлов; 740MB) | ||
| 300 | |a Электронная копия печатного издания. | ||
| 333 | |a Режим доступа: из корпоративной сети ТПУ | ||
| 337 | |a Pentium 100 MHz, 16 Mb RAM, Windows 95/98/NT/2000, CDROM, SVGA, звуковая карта, Internet Explorer 5.0 и выше. | ||
| 606 | 1 | |a Менеджмент |2 stltpush |3 (RuTPU)RU\TPU\subj\42098 |9 61850 | |
| 610 | 1 | |a экономика | |
| 610 | 1 | |a управление | |
| 610 | 1 | |a человеческий капитал | |
| 610 | 1 | |a лидерство | |
| 610 | 1 | |a стиль | |
| 610 | 1 | |a контроллинг | |
| 610 | 1 | |a информационное обеспечение | |
| 610 | 1 | |a антикризисное управление | |
| 610 | 1 | |a ритмичность | |
| 610 | 1 | |a менеджеры | |
| 610 | 1 | |a знания | |
| 610 | 1 | |a учебники | |
| 610 | 1 | |a CD-ROM курс | |
| 686 | |a У9(2)212я73 |v LBC/SL-A |2 rubbk | ||
| 700 | 1 | |a Коротков |b Э. М. |g Эдуард Михайлович | |
| 801 | 1 | |a RU |b 63413507 |c 20140530 | |
| 801 | 2 | |a RU |b 63413507 |c 20140806 |g RCR | |
| 856 | 4 | |u http://www.lib.tpu.ru/fulltext2/m/2014/FN/fn-87.pdf | |
| 942 | |c CF | ||